Built to meet needs : (Record no. 352252)

000 -LEADER
fixed length control field 00804 a2200265 4500
003 - CONTROL NUMBER IDENTIFIER
control field OSt
005 - DATE AND TIME OF LATEST TRANSACTION
control field 20180116192328.0
008 - FIXED-LENGTH DATA ELEMENTS--GENERAL INFORMATION
fixed length control field 120420t xxu||||| |||| 00| 0 eng d
010 ## - LIBRARY OF CONGRESS CONTROL NUMBER
LC control number 2006925397
020 ## - INTERNATIONAL STANDARD BOOK NUMBER
International Standard Book Number 0750666579
020 ## - INTERNATIONAL STANDARD BOOK NUMBER
International Standard Book Number 97807510666572
040 ## - CATALOGING SOURCE
Transcribing agency 0
082 ## - DEWEY DECIMAL CLASSIFICATION NUMBER
Classification number 721
100 1# - MAIN ENTRY--PERSONAL NAME
Personal name Oliver, Paul.
9 (RLIN) 926
245 10 - TITLE STATEMENT
Title Built to meet needs :
Remainder of title cultural issues in vernacular architecture /
Statement of responsibility, etc. Paul Oliver.
250 ## - EDITION STATEMENT
Edition statement 1st ed.
260 ## - PUBLICATION, DISTRIBUTION, ETC.
Place of publication, distribution, etc. Boston, MA :
Name of publisher, distributor, etc. Elsevier,
Date of publication, distribution, etc. 2006.
300 ## - PHYSICAL DESCRIPTION
Extent xxi,445p.
Other physical details ill;
Dimensions 26cm
500 ## - GENERAL NOTE
General note Includes index
650 ## - SUBJECT ADDED ENTRY--TOPICAL TERM
Topical term or geographic name entry element Architecture
General subdivision Human factors
9 (RLIN) 927
650 ## - SUBJECT ADDED ENTRY--TOPICAL TERM
Topical term or geographic name entry element Architecture and society
9 (RLIN) 928
650 ## - SUBJECT ADDED ENTRY--TOPICAL TERM
Topical term or geographic name entry element Vernacular architecture
9 (RLIN) 929
942 ## - ADDED ENTRY ELEMENTS (KOHA)
Institution code [OBSOLETE] SADA
Koha item type Book
Call number prefix 721 OLI 2006
Source of classification or shelving scheme
Holdings
Withdrawn status Lost status Source of classification or shelving scheme Damaged status Not for loan Permanent Location Current Location Date acquired Total Checkouts Full call number Barcode Date last seen Date last checked out Cost, replacement price Price effective from Koha item type
          School of Art Design and Architecture (SADA) School of Art Design and Architecture (SADA) 10/04/2010 4 721 OLI 2006 SADA0000312 12/01/2015 11/11/2015 4328.00 08/05/2011 Book
© 2023 Central Library, National University of Sciences and Technology. All Rights Reserved.